Rozsypanka literowa - miasta w województwie podkarpackim - Statystyki

Ogólne statystyki
  • Ten quiz został rozwiązany 24 razy
  • Średni wynik to 15 z 20
Statystyki odpowiedzi
Miasto % Poprawnych
Jasło
100%
Dębica
96%
Łańcut
96%
Mielec
96%
Krosno
87%
Przemyśl
87%
Rzeszów
87%
Lesko
83%
Stalowa Wola
83%
Tarnobrzeg
83%
Leżajsk
78%
Nisko
78%
Sanok
78%
Brzozów
74%
Kolbuszowa
57%
Ropczyce
57%
Strzyżów
57%
Lubaczów
52%
Boguchwala
43%
Ustrzyki Dolne
22%
Nie znaleziono quizów pasujących do podanych kryteriów
Rozkład punktacji
Procent ludzi z każdym wynikiem
Percentyl według liczby udzielonych odpowiedzi
Twoja historia wyników
Nie rozwiązałeś tego quizu